Moneda y banca /
Contenido: I) Introducción; II) Instituciones financieras, mercados financieros y tasas de interés; 3) La industria bancaria; IV) Banca central; V) teoría monetaria; VI) Política de estabilización; 7) Finanzas internacionales.
Shranjeno v:
| Glavni avtor: | |
|---|---|
| Drugi avtorji: | , , |
| Format: | Knjiga |
| Jezik: | španščina |
| Izdano: |
Bogotá, Colombia :
McGraw-Hill,
1992, c1992
|
| Izdaja: | 2a edición |
| Teme: | |
| Oznake: |
Brez oznak, prvi označite!
|
MARC
| LEADER | 00000nam^a2200000^a^4500 | ||
|---|---|---|---|
| 001 | 000293341 | ||
| 005 | 20250521000000.0 | ||
| 009 | 20260526135053.517 | ||
| 020 | |a 958-600-092-3 | ||
| 037 | |a Acervo ITESO - Biblioteca | ||
| 041 | |a ESP | ||
| 082 | |a 332. 1 |b MIL | ||
| 100 | |a Miller, Roger LeRoy |e (autor) | ||
| 245 | 1 | 0 | |a Moneda y banca / |c R.L. Miller, R.W. Pulsinelli ; tr. por G.E. Rosas Lopetegui, M.A. Tiznado Santana. |
| 250 | |a 2a edición | ||
| 264 | 4 | |a Bogotá, Colombia : |b McGraw-Hill, |c 1992, c1992 | |
| 300 | |a VIII, 647 p. | ||
| 336 | |a texto |b txt |2 rdacontenido | ||
| 337 | |a sin mediación |b n |2 rdamedio | ||
| 338 | |a volumen |b nc |2 rdasoporte | ||
| 500 | |a Traducción de: Modern Money and Banking | ||
| 520 | |a Contenido: I) Introducción; II) Instituciones financieras, mercados financieros y tasas de interés; 3) La industria bancaria; IV) Banca central; V) teoría monetaria; VI) Política de estabilización; 7) Finanzas internacionales. | ||
| 649 | |a XX | ||
| 650 | |a Dinero - |x Tema Principal | ||
| 650 | |a Interés (Economía) | ||
| 650 | |a Bancos y Operaciones Bancarias - |x Tema Principal | ||
| 650 | |a Finanzas Internacionales | ||
| 650 | |a Economía | ||
| 700 | |a Pulsinelli, Robert W. | ||
| 700 | |a Rosas Lopetegui, Gloria Elizabeth |e (tr.) | ||
| 700 | |a Tiznado Santana, Marco Antonio |e (tr.) | ||
| 910 | |a Fondo General | ||
| 920 | |a Impresos - Libros | ||
| 930 | |a Colección General | ||
| 905 | |a 101 | ||
| 901 | |a 0500179837 |b IT1 |c ACC |i 906699 |u 20250521 | ||
| 902 | |a https://opac.biblio.iteso.mx/vufind/Record/000293341 | ||